000 nam a22 7a 4500
999 _c329391
_d329391
003 Nust
005 20170504120621.0
008 170504b xxu||||| |||| 00| 0 eng d
040 _c0
082 _a512.8 AHM
100 _aAhmad,Dr.Faiz
245 _aElements Of Numerical Analysis
_cDr.Faiz Ahmad
260 _aLahore
_bNational Book Foundation
_c2003.
300 _a296p.
500 _aP.B
942 _2ddc
_cBK
_k512.8 AHM